| 000 | 00411cam a2200169ua 4500 | ||
|---|---|---|---|
| 020 | _c1.50 | ||
| 041 |
_amal _h |
||
| 082 |
_a894.81209 _bJOS/MA |
||
| 100 | _aJoseph, Mundasseri . | ||
| 245 |
_aMattoli / _cJoseph Mundasseri. _hTextual Documents |
||
| 260 |
_aThrissur : _bMangalodhayam pvt ltd , _c1964. |
||
| 300 | _a108 ; . | ||
| 365 | _a1.50 | ||
| 504 | _a | ||
| 942 | _cBK | ||
| 999 |
_c12021 _d12021 |
||